000 00536nam a2200193Ia 4500
005 20250508163308.0
008 008 250505s9999 xx 000 0 eng d
037 _aBooks to be hide in OPAC
040 _aFEDL
_beng
_cFEDL
041 _aeng
_2eng
084 _a500, HOG/O
_qFEDL
100 _aHogben Lancelot
245 0 _aVisual science first book
260 _aLondon, UK
_bMax Parrish
300 _a48p.
700 _a Neurath Marie Lauwerys J A
_9775060
942 _cHB
_h500, HOG/O
999 _c1382127
_d1382127